000 00769nam a2200241 a 4500
001 70462
003 BD-RjUL
005 20211209082014.0
008 170417s1955 enk 001 0 eng
035 _a(BD-RjUL)70676
040 _aDLC
_cOUrC
_dUk
_dDLC
_dBD-RjUL
_beng
041 _aeng
082 _223
_a551
_bLOI 1955
100 1 _aLongwell, Chester R.
_q(Chester Ray),
_d1887-1975.
_9208609
245 1 0 _aIntroduction to physical geology /
_cChester R. Longwell and Richard Foster Flint.
260 _aNew York :
_bJohn Wiley & Sons,
_c1955
300 _avii, 432 p. :
_bill. ;
_c23 cm.
504 _aIncludes bibliography.
650 0 _aPhysical Geology
_9208610
650 0 _aGeology
_9224023
700 1 _aFlint, Richard Foster,
_d1902-
_9224024
942 _2ddc
_cBK
999 _c70462
_d70462